000 00399nam a2200157Ia 4500
008 230718s9999 xx 000 0 und d
041 _aeng
082 _a621.381 045
_bMOT
100 _aMotorola
245 _aOptoelectronics Device Data
260 _c1990
_bMotorola
300 _a369
_dRef 64 E (1747)
365 _cRs.
_b350.00
700 _aMotorola
906 _dB:102518-Apr-2002
_cETC
_b52.5
999 _c303387
_d303387